000 00972nam a2200253Ia 4500
003 OSt
005 20221005102834.0
006 a|||||r|||| 00| 0
007 ta
008 221004b |||||||| |||| 00| 0 hin d
024 _a32268
037 _cTextual
040 _aCRL
_cCRL
_bhin
041 _2hin
_ahin
082 _aO152,1M65,1:g, K9
100 _aसक्सेना, द्वारिकाप्रसाद
245 0 _aप्रियप्रवास में काव्य संस्कृति और दर्शन
246 _aPriyapravās mean kāvya sanskṛuti aur darshana
260 _aआगरा
_bविनोद पुस्तक मन्दिर भारत
_c1969
300 _a338पृ.
_ccm.
650 _aहिन्दी साहित्य
942 _hO152,1M65,1:g, K9
_cTEXL
_2cc
999 _c1009036
_d1009036